000 00544nam a2200181Ia 4500
008 100917s9999 xx 000 0 und d
082 _b49504
100 _aमंत्री रमेश
245 _aमहानगर (आ. 2 री.)
260 _bमॅजेस्टिक प्रकाशन
_c1976
300 _a261
365 _b20
520 _aकादंबरी
630 _aमहानगर (आ. 2 री.)
650 _aकादंबरी
730 _aमहानगर (आ. 2 री.)
942 _cBOOK
999 _c654898
_d654895